College Quizbowl Stats
College Quizbowl Stats
Circuits
Seasons
Sets
Records
Detailed Stats
About
Loading...
2023 BHSU @ Northwestern
Tossups
Bonuses
Players
Teams
Categories (Tossup)
Categories (Bonus)
Chinmay Kansara
Mojo 少女
Categories
Category
Powers
Gets
Negs
BBs
Points
Earliest Buzz
Avg. Buzz
First Buzzes
Top 3 Buzzes
Beliefs - Religion
0
2
0
1
20
84
105.50
0
1
Beliefs - Mythology
0
1
0
0
10
104
104.00
0
1
Literature - British Lit
0
1
0
1
10
132
132.00
0
0
Other - Pop Culture
0
1
0
0
10
131
131.00
0
1
Literature - Euro Lit
0
0
1
0
-5
0.00
0
0
Buzzes
Category
Answer
Value
Buzz Position
Literature - Euro Lit
The Trojan Women
-5
82
Beliefs - Religion
chariots
10
84
Beliefs - Mythology
Medea
10
104
Beliefs - Religion
Akbar the Great
10
127
Other - Pop Culture
Party Down Catering
10
131
Literature - British Lit
Blithe Spirit
10
132
Previous
1
Next